000 00394nam a22001337a 4500
008 170119b xxu||||| |||| 00| 0 eng d
020 _a9780967813028
050 _aHG4521
_b.M39 2004
100 _aMcQuade, Angele
245 _aNAIC official guide: investing handbook
_bIntroduction to successful
_cAngele McQuade
260 _aMichigan
_bNAIC
_c2004
300 _avi,186
_c27cm
942 _2lcc
_cBK
999 _c48003
_d48003